Online Catalogue and eLibrary

Helping men chenge : (Record no. 741)

MARC details
000 -LEADER
fixed length control field 00452nam a2200169Ia 4500
005 - DATE AND TIME OF LATEST TRANSACTION
control field 20240704011859.0
008 - FIXED-LENGTH DATA ELEMENTS--GENERAL INFORMATION
fixed length control field 240331s9999 xx 000 0 und d
020 ## - INTERNATIONAL STANDARD BOOK NUMBER
ISBN 0803945450
082 ## - DDC Classification
Class No. 155
Item Number - Author Mark ERI
100 ## - MAIN ENTRY--PERSONAL NAME
Personal name Erickson, B.M
245 #0 - TITLE STATEMENT
Title Helping men chenge :
Remainder of title the role of the female therapist
Statement of responsibility, etc. Beth M. Erickson
260 ## - PUBLICATION, DISTRIBUTION, ETC.
Place of publication, distribution, etc. New Delhi
Name of publisher, distributor, etc. Sage Publications
Date of publication, distribution, etc. 1993
300 ## - PHYSICAL DESCRIPTION
Extent (e.g. Volumes, Pages etc.) xvii, 470 p .,
650 ## - SUBJECT ADDED ENTRY--TOPICAL TERM
Topical term or geographic name entry element Gender
650 ## - SUBJECT ADDED ENTRY--TOPICAL TERM
Topical term or geographic name entry element Social
942 ## - Koha item type (Biblio)
Koha item type Books in Stacks (Lending)
Holdings
Lost status Damaged status Collection code Home library Current library Shelving location Date acquired Full call number Accession Number Item type
    Lending WERC Library WERC Library Social Science Cupboard 03/31/2024 155 ERI 3384 Books in Stacks (Lending)

© WERC Library